000 00948nam a2200241Ia 4500
999 _c32447
_d32447
003 GCL
005 20240530102451.0
008 140319s9999 xx 000 0 ara d
040 _aGCL /
_cGCL
082 0 4 _a189.1
_bر ش
100 1 _aالرازى ، فخر الدين ابوعبدالله محمد بن عمر بن الحسين
245 1 0 _aشرح عيون الحكمة /
_cالرازى ، فخر الدين ابوعبدالله محمد بن عمر بن الحسين ؛ تحقيق احمد حجازى السقا
260 _aالقاهرة :
_bمكتبة الانجلوالمصرية ،
_c1986
300 _aاجزاء ؛
_c24 سم
650 0 4 _aالفلسفة الاسلامية
650 0 4 _aالفلسفة
650 0 4 _aالفلسفة اليونانية
650 0 4 _aالالهيات
650 0 4 _aفلسفة الوجود
650 0 4 _aالرازى
700 0 _aاحمد حجازى السقا
_eمحقق
942 _2ddc
_cBK